| 000 | 00672nam a22001697a 4500 | ||
|---|---|---|---|
| 008 | 111209t xxu||||| |||| 00| 0 eng d | ||
| 050 | _aHB172.5.C67 | ||
| 245 |
_aMacroeconomics 96/97 / _cedited by Don Cole |
||
| 250 | _a11th ed. | ||
| 260 |
_aGuilford: _bDushkin McGraw-Hill, _cc1996. |
||
| 300 |
_a240 p.: _bill. _c28cm. |
||
| 500 | _aIncludes index. | ||
| 505 | _aContents: Introduction to macroeconomics -- Measuring economic performance -- Fiscal policy and the federal budget -- Money, Banking, and monetary policy -- Unemployment, inflation, and the business cycle -- International economics. | ||
| 650 | _aMacroeconomics | ||
| 700 | _aCole, Don | ||
| 942 |
_2lcc _cBK |
||
| 999 |
_c347 _d7847 |
||